| 000 -CABECERA |
| Campo de control de longitud fija |
00492nam a22001697a 4500 |
| 005 - FECHA Y HORA DE LA ÚLTIMA TRANSACCIÓN |
| Campo de control |
20240305105448.0 |
| 008 - CAMPO FIJO DE DESCRIPCIÓN FIJA--INFORMACIÓN GENERAL |
| Campo de control de longitud fija |
240305b ||||| |||| 00| 0 eng d |
| 020 ## - ISBN (INTERNATIONAL STANDARD BOOK NUMBER) |
| ISBN |
9788466431415 |
| 040 ## - FUENTE DE CATALOGACIÓN |
| Agencia de catalogación original |
CDMR |
| 100 ## - ENCABEZAMIENTO PRINCIPAL--NOMBRE PERSONAL |
| 9 (RLIN) |
4941 |
| Nombre de persona |
Picó, Alfred |
| 245 ## - MENCIÓN DE TÍTULO |
| Título |
Manual de supervivència d'una dona soltera |
| Mención de responsabilidad, etc. |
/ Alfred Picó |
| 260 ## - PUBLICACIÓN, DISTRIBUCIÓN, ETC (PIE DE IMPRENTA) |
| Lugar de publicación, distribución, etc. |
Barcelona : |
| Nombre del editor, distribuidor, etc. |
Columna, |
| Fecha de publicación, distribución, etc. |
2024 |
| 300 ## - DESCRIPCIÓN FÍSICA |
| Extensión |
344 pàgines |
| 490 ## - MENCIÓN DE SERIE |
| Mención de serie |
Clàssica ; |
| Número de volumen/designación secuencial |
1429 |
| 650 #0 - ASIENTO SECUNDARIO DE MATERIA--TÉRMINO DE MATERIA |
| 9 (RLIN) |
2367 |
| Nombre de materia o nombre geográfico como elemento de entrada |
Comunicació |
| Subdivisión general |
Aspectes psicològics |
| 942 ## - ELEMENTOS KOHA |
| Fuente de clasificación o esquema de ordenación en estanterías |
|
| Koha tipo de item |
Monografies |